000 00198nam a2200109Ia 4500
100 _aPAUL COELHO.
942 _cBK
245 _aFIFTH MOUNTAIN
260 _b#N/A
546 _aENGLISH
999 _c35164
_d35164